000 00368nam a2200145Ia 4500
008 240624s9999 xx 000 0 und d
041 _aeng
082 _a300.15195 PRI
100 _aPRIVITERA GREGORY J
245 _aSTATISTICAL ANALYSIS IN FOCUS ALTERNATE
250 _a(3rd ed.)
260 _c2018
_aLondon
_bSage
300 _axi, 266 p.; 23 cm.
365 _c
_b35
999 _c31713
_d31713